Ulrich's international periodicals directory : (Record no. 137027)

MARC details
000 -LEADER
fixed length control field 00729nam a22002177a 4500
010 ## - LIBRARY OF CONGRESS CONTROL NUMBER
LC control number A-252494
020 ## - INTERNATIONAL STANDARD BOOK NUMBER
International Standard Book Number 0835216195
035 ## - SYSTEM CONTROL NUMBER
System control number A-252494
037 ## - SOURCE OF ACQUISITION
Source of stock number/acquisition Cen Lib / Ret
040 ## - CATALOGING SOURCE
Original cataloging agency DPL
Language of cataloging EN
082 ## - DEWEY DECIMAL CLASSIFICATION NUMBER
Classification number 016.05
Item number ULR
245 ## - TITLE STATEMENT
Title Ulrich's international periodicals directory :
Remainder of title a classified guide to current periodicals, foreign and domestic /
250 ## - EDITION STATEMENT
Edition statement 22nd ed
260 ## - PUBLICATION, DISTRIBUTION, ETC. (IMPRINT)
Place of publication, distribution, etc New York
Name of publisher, distributor, etc R. R. Bowker Co
Date of publication, distribution, etc 1983
270 ## - ADDRESS
Address A Xerox Information Co
City New York
300 ## - PHYSICAL DESCRIPTION
Extent v 1. xxxii, 1058 ; v 2. xxxiii, 1059-1969p)
Dimensions 27cm(Hb)
505 ## - FORMATTED CONTENTS NOTE
Formatted contents note v 1. A-M ; v 2 N-Z, with index
650 ## - SUBJECT ADDED ENTRY--TOPICAL TERM
Topical term or geographic name as entry element Periodicals -- Directories.
650 ## - SUBJECT ADDED ENTRY--TOPICAL TERM
Topical term or geographic name as entry element Periodicals -- Directory.
942 ## - ADDED ENTRY ELEMENTS (KOHA)
Source of classification or shelving scheme Dewey Decimal Classification
Koha item type English Books
Classification part 016.05
Call number suffix ULR
Holdings
Withdrawn status Lost status Materials specified (bound volume or other part) Damaged status Not for loan Home library Current library Date acquired Source of acquisition Total Checkouts Full call number Barcode Date last seen Copy number Price effective from Koha item type
    v 1     Central Library Central Library 14/03/2016 Cen Lib/Ret   016.05 ULR A-252494 14/03/2016 1 14/03/2016 English Books
    v 2     Central Library Central Library 14/03/2016 Cen Lib/Ret   016.05 ULR A-252495 14/03/2016 1 14/03/2016 English Books

© Delhi Public Library
Hit Counter
free hit counter